000
00333 a2200157 4500
001
72739
020
_a
9788532275233
040
_c
Anchieta - Colégio São Paulo
100
_a
Alencar, José de
240
1
0
_a
Senhora
_l
por
245
1
0
_a
Senhora
300
_a
336
362
0
_a
2013
650
4
_a
Ficção brasileira
942
_c
BK
999
_c
72739
_d
72739